| 000 | 00000nam##2200000za#4500 |
| 001 | 9.619608 |
| 003 | CaOODSP |
| 005 | 20210615103602 |
| 007 | ta |
| 008 | 150406|2009||||xxc||||| f|0| 0 eng|d |
| 022 | |a0706-6457 |
| 040 | |aCaOODSP|beng |
| 043 | |an-cn--- |
| 086 | 1 |aFs97-6/2855E |
| 110 | 1 |aCanada. |bDepartment of Fisheries and Oceans. |
| 245 | 14|aThe current state of knowledge concerning the distribution of coral in the Maritime Provinces / |cby A.T. Cogswell ...[et al.]. |
| 260 | |aDartmouth - Nova Scotia : |bFisheries and Oceans Canada |c2009. |
| 300 | |aviii, 66p. : |bfigs., maps, references, tables, photographs ; |c28 cm. |
| 490 | 1 |aCanadian technical report of fisheries and aquatic sciences|x0706-6457|vNo. 2855 |
| 500 | |a"Science Branch, Maritimes Region, Fisheries and Oceans Canada, 1 Challenger Drive, Dartmouth, NS, B2Y 4A2". |
| 546 | |a(Résumé en français) |
| 563 | |aSpiral binding |
| 590 | |a10-03|b2010-01-22 |
| 720 | 1 |aCogswell, A. T. |
| 776 | 0#|tThe current state of knowledge concerning the distribution of coral in the Maritime Provinces / |w(CaOODSP)9.574400 |
| 830 | #0|aCanadian technical report of fisheries and aquatic sciences,|x0706-6457|vNo. 2855|w(CaOODSP)9.514691 |